| 000 | 00367nam a2200145Ia 4500 | ||
|---|---|---|---|
| 008 | 230917s9999||||xx |||||||||||||| ||und|| | ||
| 040 |
_e37862 _aMAIN |
||
| 041 | _aEnglish | ||
| 082 | _a823.8 F774O | ||
| 100 | _aForster, E M | ||
| 245 | 0 | _aOnly connect: Letters to Indian friends | |
| 260 |
_aNew Delhi _bArnold-Heinemann _c1979 |
||
| 300 | _a127 p. | ||
| 942 | _cBK | ||
| 999 |
_c205969 _d205969 |
||